<?xml version="1.0" encoding="UTF-8"?><?xml-stylesheet type="text/xsl" href="static/style.xsl"?><OAI-PMH xmlns="http://www.openarchives.org/OAI/2.0/" xmlns:xsi="http://www.w3.org/2001/XMLSchema-instance" xsi:schemaLocation="http://www.openarchives.org/OAI/2.0/ http://www.openarchives.org/OAI/2.0/OAI-PMH.xsd"><responseDate>2026-04-17T06:01:23Z</responseDate><request verb="GetRecord" identifier="oai:www.recercat.cat:20.500.12327/751" metadataPrefix="marc">https://recercat.cat/oai/request</request><GetRecord><record><header><identifier>oai:recercat.cat:20.500.12327/751</identifier><datestamp>2025-10-22T11:29:39Z</datestamp><setSpec>com_2072_4428</setSpec><setSpec>com_2072_4427</setSpec><setSpec>col_2072_487898</setSpec></header><metadata><record xmlns="http://www.loc.gov/MARC21/slim" xmlns:dcterms="http://purl.org/dc/terms/" xmlns:xsi="http://www.w3.org/2001/XMLSchema-instance" xmlns:doc="http://www.lyncode.com/xoai" xsi:schemaLocation="http://www.loc.gov/MARC21/slim http://www.loc.gov/standards/marcxml/schema/MARC21slim.xsd">
   <leader>00925njm 22002777a 4500</leader>
   <datafield ind2=" " ind1=" " tag="042">
      <subfield code="a">dc</subfield>
   </datafield>
   <datafield ind2=" " ind1=" " tag="720">
      <subfield code="a">Millán, Sandra</subfield>
      <subfield code="e">author</subfield>
   </datafield>
   <datafield ind2=" " ind1=" " tag="720">
      <subfield code="a">Casadesús, Jaume</subfield>
      <subfield code="e">author</subfield>
   </datafield>
   <datafield ind2=" " ind1=" " tag="720">
      <subfield code="a">Campillo, Carlos</subfield>
      <subfield code="e">author</subfield>
   </datafield>
   <datafield ind2=" " ind1=" " tag="720">
      <subfield code="a">Moñino, María José</subfield>
      <subfield code="e">author</subfield>
   </datafield>
   <datafield ind2=" " ind1=" " tag="720">
      <subfield code="a">Prieto, Maria Henar</subfield>
      <subfield code="e">author</subfield>
   </datafield>
   <datafield ind2=" " ind1=" " tag="260">
      <subfield code="c">2019-10-02</subfield>
   </datafield>
   <datafield ind2=" " ind1=" " tag="520">
      <subfield code="a">The growing scarcity and competition for water resources requires the urgent implementation of measures to ensure their rational use. Farmers need affordable irrigation tools that allow them to take advantage of scientific know-how to improve water use efficiency in their common irrigation practices. The aim of this study is to test under field conditions, and adjust where required, an automated irrigation system that allows the establishment of regulated deficit irrigation (RDI) strategies in a stone fruit orchard. For this, an automated device with an algorithm which combines water-balance-based irrigation scheduling with a feedback adjustment mechanism using 15 capacitive sensors for continuous soil moisture measurement was used. The tests were carried out in 2016 and 2017 in Vegas Bajas del Guadiana (Extremadura, Spain) on an experimental plot of ‘Red Beaut’, an early-maturing Japanese plum cultivar. Three irrigation treatments were established: control, RDI and automatic. The control treatment was scheduled to cover crop water needs, a postharvest deficit irrigation (40% crop evapotranspiration (ETc)) strategy was applied in the RDI treatment, while the Automatic treatment simulated the RDI but without human intervention. After two years of testing, the automated system was able to “simulate” the irrigation scheduling programmed by a human expert without the need for human intervention.</subfield>
   </datafield>
   <datafield ind1="8" ind2=" " tag="024">
      <subfield code="a">Millán, Casadesús, Campillo, José Moñino, and Henar Prieto. 2019. "Using Soil Moisture Sensors For Automated Irrigation Scheduling In A Plum Crop". Water 11 (10): 2061. doi:10.3390/w11102061.</subfield>
   </datafield>
   <datafield ind1="8" ind2=" " tag="024">
      <subfield code="a">2073-4441</subfield>
   </datafield>
   <datafield ind1="8" ind2=" " tag="024">
      <subfield code="a">http://hdl.handle.net/20.500.12327/751</subfield>
   </datafield>
   <datafield ind1="8" ind2=" " tag="024">
      <subfield code="a">https://doi.org/10.3390/w11102061</subfield>
   </datafield>
   <datafield ind2="0" ind1="0" tag="245">
      <subfield code="a">Using Soil Moisture Sensors for Automated Irrigation Scheduling in a Plum Crop</subfield>
   </datafield>
</record></metadata></record></GetRecord></OAI-PMH>